zpět

Detail výsledku týmu

Bowling bar, Bechyně

Datum a čas kvízu

31.5 Celkem bodů Celkový počet nahraných bodů na tomto kvízu bez doplňovacích otázek.
4. Pořadí na kvízu Konečné umístění týmu na tomto kvízu.

Zaznamenané odpovědi

# Otázka Odpověď Body Výsledky
1. Jedna česká politička se pochl... Alena Schillerová, lev 1
2. Minulý týden jsme byli informo... Magna Charta (Libertatum) 0
3. Který muž bude v příštích lete... Jiří Bartoška 1
4. Minulý týden jsme se dozvěděli... Kofola 1
5. Který dopravní prostředek využ... traktor 0
6. Podíváme se na pět reklam, z n... sázení (sázková kancelář, hazard) 1
7. Pro který produkt byla vytvoře... kondomy 1
8. Spot je z roku 2014. Rada pro... T-Mobile 0
9. Tato televizní reklama na Fido... B) hodí panenku na kapotu a posádku omráčí airbagy 1
10. Režisér Jakub Kohák natočil te... BESIP 0